| 000 | 00514nam a2200217Ia 4500 | ||
|---|---|---|---|
| 003 | 0100 | ||
| 008 | 130227s9999 xx 000 0 und d | ||
| 040 | _cARRUPELIB | ||
| 050 | _aRB155.8.R48 1999 | ||
| 100 | _aResnik, david B. | ||
| 245 | _aHuman Germline Gene Therapy | ||
| 245 | _bScientific, moral and political Issues | ||
| 260 | _aTexas | ||
| 260 | _bR.G. Landes Company | ||
| 260 | _C1999 | ||
| 300 | _a189p. | ||
| 300 | _b24cm. | ||
| 650 | _bBelief | ||
| 650 | _cMetaphysics | ||
| 942 |
_2lcc _02 |
||
| 999 |
_c7312 _d7312 |
||